[Event "Moscow Aeroflot op"]
[Site "Moscow"]
[Date "2002.02.10"]
[Round "9"]
[White "Grischuk, Alexander"]
[Black "Dreev, Alexey"]
[Result "1/2-1/2"]
[WhiteElo "2671"]
[BlackElo "2683"]
[Annotator "Lukacs,P"]
[PlyCount "73"]
[EventDate "2002.02.04"]
[EventType "swiss"]
[EventRounds "9"]
[EventCountry "RUS"]
[SourceTitle "CBM 088"]
[Source "ChessBase"]
[SourceDate "2002.03.21"]
[SourceVersion "1"]
[SourceVersionDate "2002.03.21"]
[SourceQuality "1"]

1. e4 c6 2. d4 d5 3. e5 Bf5 4. Nc3 e6 5. g4 Bg6 6. Nge2 Ne7 7. Nf4 c5 8. dxc5
Nec6 9. h4 Qc7 10. h5 Qxe5+ 11. Nfe2 Be4 12. Bf4 Qf6 13. g5 Qe7 14. Nxe4 dxe4
15. Nc3 Qxc5 16. Qd2 (16. Qe2 {- Nataf-Bareev, Cannes NAO Masters 2002 CBM 88})
16... Qa5 $1 (16... Nd4 17. Bg2 (17. O-O-O Nbc6 18. Bg2 {- 17.Bg2} (18. Nxe4
Qd5)) 17... Nbc6 (17... Nf3+ {eliminates White's dangerous ^^, but loses time
and the Black K remains vulnerable.} 18. Bxf3 exf3 19. O-O-O Be7 20. g6 $1 $40)
18. O-O-O O-O-O 19. Nxe4 Qc4 20. Kb1 $14 {and White's ^^ is impressive.}) (
16... Nd7 17. O-O-O O-O-O 18. Nxe4 $14) 17. Nxe4 (17. O-O-O {allows the pin
after} Bb4 $132) 17... Qxd2+ 18. Bxd2 {After the messy opening White has a
rather clear small but durable advantage in the _|_ due to his ^^.} (18. Kxd2 {
is a sophysticated way of castling >>!} Nd7 19. Rd1 O-O-O (19... Nc5 20. Bg2
Nxe4+ 21. Bxe4 Bc5 22. Ke2 Nd4+ 23. Ke1 $16 {^^}) 20. Kc1 $14) 18... Nd7 (18...
Nd4 19. O-O-O Nbc6 20. Bg2 $14) 19. Bg2 h6 $5 {Black wants to create some
weaknesses on the >>.} (19... O-O-O 20. O-O-O $14) 20. O-O-O hxg5 21. Bxg5 (21.
Nxg5 {is less precise:} Nf6 $1 22. Bf3 Rd8 23. Bc3 Rxd1+ 24. Rxd1 Nd5 $11)
21... Rc8 22. Rh3 ({The quiet} 22. Kb1 {was also playable} Nc5 23. Be3 Nxe4 24.
Bxe4 $14 {with the same type of position again, White's ^^ dominates the board.
}) 22... Nc5 (22... Nb4 23. Kb1 $1) 23. Nd6+ (23. Kb1 Nxe4 24. Bxe4 Be7 (24...
Bc5 25. f4) 25. Rg1 $14) 23... Bxd6 24. Rxd6 {Now the ^^ fights against the
pair of knights, which is an achievement for White in an opened position like
that.} Nd7 (24... Nb4 25. Kb1 $14) 25. b3 {/\ Kb2 improving the K's position
in the _|_.} ({or} 25. a3 Rc7 26. Rd1 $14) 25... Rc7 26. Kb2 Ne7 27. Rd1 b6 28.
Bf4 (28. h6 {was also logical in order to get rid of the h P.} gxh6 29. Rxh6
Rxh6 30. Bxh6 $14) 28... e5 29. Bg5 f6 30. Bc1 Nc5 31. f4 e4 {Now White's P
structure is not as good as it was before!} 32. Be3 (32. b4 $142 $5 {was the
last chance to infuse life into the position, but White's pawns are in four
islands.} Na6 33. Bxe4 (33. c3 f5) 33... Nxb4 34. a3 Nbc6 35. Rg3 $14) 32...
Kf7 33. Bxc5 {Giving up the ^^ is the end of White's hopes.} (33. Bf1 Nf5)
33... Rxc5 34. Bxe4 Rhxh5 $11 35. Rxh5 Rxh5 36. Rd7 a5 37. Rb7 1/2-1/2

[Event "Sinquefield Cup 2nd"]
[Site "Saint Louis"]
[Date "2014.08.28"]
[Round "2"]
[White "Caruana, Fabiano"]
[Black "Vachier Lagrave, Maxime"]
[Result "1-0"]
[WhiteElo "2801"]
[BlackElo "2768"]
[Annotator "Postny,E"]
[PlyCount "59"]
[EventDate "2014.08.27"]
[EventType "tourn"]
[EventRounds "10"]
[EventCountry "USA"]
[EventCategory "23"]
[SourceTitle "CBM 162"]
[Source "ChessBase"]
[SourceDate "2014.09.17"]
[SourceVersion "1"]
[SourceVersionDate "2014.09.17"]
[SourceQuality "1"]

1. e4 c6 2. d4 d5 3. e5 Bf5 4. Nf3 e6 5. Be2 c5 {Black has quite a variety of
moves here. The choice of Maxime is principled, but also risky. Black has
suffered some heavy blows in this line in the last few years. The main
executioner was Sergey Karjakin.} 6. Be3 Qb6 7. Nc3 $1 Nc6 (7... Qxb2 8. Qb1 $1
{is the point.} Qxb1+ (8... Qxc3+ $2 9. Bd2 {[%csl Rb7,Rc3] and Black has to
part with his queen to avoid the worst.}) 9. Rxb1 c4 10. Rxb7 Nc6 11. Nb5 Nd8
12. Rc7 Rb8 13. Nd6+ $1 Bxd6 14. exd6 Rb1+ 15. Bd1 Bxc2 16. Kd2 Bxd1 17. Rxd1
Rb6 18. Bf4 Nf6 19. Re7+ Kf8 20. Rxa7 Ne4+ 21. Kc2 f6 22. h4 $16 {1-0 (34)
Karjakin,S (2747)-Eljanov,P (2761) Khanty-Mansiysk 2010}) 8. O-O Qxb2 9. Qe1 (
9. Nb5 $6 c4 $1 10. Nc7+ Kd7 11. Nxa8 Bxc2 {Black will capture the white
knight soon and will have marvellous play for the exchange.} 12. Qe1 Bb4 13.
Bd2 Nge7 14. Bxb4 Nxb4 15. Ng5 Rxa8 16. Nxf7 Nec6 $17 {0-1 (46) Karjakin,S 
(2706)-Morozevich,A (2771) Nice 2009}) 9... cxd4 (9... c4 {is an alternative
attempt to close the position, but here too White has the initiative.} 10. Rb1
Qxc2 11. Rxb7 Bb4 12. Rxb4 $1 Nxb4 13. Bd1 Qd3 14. Ba4+ Kf8 15. Qa1 $1 Bg4 16.
Qb2 Rb8 17. Rb1 Bxf3 18. Bc2 Be2 19. Bxd3 Bxd3 20. a3 Bxb1 21. axb4 Bg6 22. Qa3
$18 {1-0 (30) Karjakin,S (2772)-Laznicka,V (2701) Poikovsky 2011}) 10. Bxd4
Nxd4 11. Nxd4 Bb4 12. Ndb5 Ba5 13. Rb1 Qxc2 {This position has already
appeared once in my career against ... Caruana!} 14. Rc1 $5 $146 {This new
move is obvious in itself, but the following kingside offensive is a new
concept in this line. I wouldn't call it as a refutation of the whole line,
but it definitely poses new problems for the second player.} (14. Rb3 Ne7 15.
Nd6+ Kf8 16. Nxb7 Bb6 17. Nd6 (17. Bd1 Qc1 18. Na4 Qc7 $6 (18... Bd4 $1 $13)
19. Nd6 Bg6 20. Qb4 $36 {1/2-1/2 (40) Caruana,F (2770)-Postny,E (2651) Achaea
2012}) 17... Ba5 18. Bf3 Bd3 $6 (18... h6 $142) 19. Qc1 Qxc1 20. Rxc1 Ng6 21.
Nxd5 $1 Nxe5 22. Nf4 Nxf3+ 23. gxf3 Bg6 24. Rb7 $16 {1-0 (46) Karjakin,S (2779)
-Fridman,D (2655) Dortmund 2012}) 14... Qb2 15. g4 (15. Nd6+ $6 Kf8 16. Nxf5
exf5 17. Na4 Bxe1 18. Nxb2 Bd2 {White has full compensation here too, but the
exchange of queens would be a big relief for Black.}) 15... Bg6 16. f4 {
Fabiano continues to play quickly, following his home preparation, while
Maxime has to figure out the right path over the board. A very difficult task,
especially in such a complex position! At the moment Black is two pawns up,
his bishops are excellent, but he is still undeveloped and the king is in the
centre. White's threats may come from both flanks.} Be4 $6 (16... Ne7 {seems
to be the real test for Caruana's concept. Future games will tell. Here is
what might follow:} 17. Nd6+ ({After} 17. f5 {Black has an additional option
of sacrificing a piece for a quick development.} O-O $5 18. fxg6 fxg6 $44)
17... Kf8 18. f5 exf5 19. gxf5 Nxf5 $1 20. Nxf5 Rc8 21. Bb5 (21. Nxd5 Qxc1 22.
Qxa5 Qc5+ 23. Qxc5+ Rxc5 24. Nfe3 Be4 25. e6 f5 $1 $13) 21... Bxf5 (21... Bxc3
$2 22. e6 Qxb5 23. Rxc3 Rxc3 24. e7+ $1 Ke8 25. Nxg7+ Kd7 26. e8=Q+ $18) 22. e6
$1 f6 $1 23. Rxf5 Bxc3 24. Rxc3 Qxc3 25. e7+ Kf7 26. e8=Q+ Rhxe8 27. Bxe8+ Kf8
28. Qxc3 Rxc3 29. Ba4 {Black is going to lose the Pd5, but still will keep
three pawns for a piece, which is enough to maintain the balance.}) 17. Rf2 $1
Nh6 $2 {Maxime went astray too soon.} (17... Qb4 $2 18. f5 $1 exf5 (18... Bb6
19. Nd6+ Kf8 20. fxe6 $40) 19. Nd6+ Kf8 20. Qd1 $1 Bb6 21. Ncxe4 dxe4 22. Qd5
Nh6 23. g5 Qd4 24. Qxd4 Bxd4 25. gxh6 $16) (17... Kf8 {was the only sensible
move. Caruana himself mentioned this move in the interview after the game.} 18.
Bd3 Qb4 19. Rb1 Qe7 (19... Qc5 $6 20. Nxe4 Qxb5 $1 21. Qf1 $1 Qc6 22. Rc2 Bb6+
23. Kh1 Qd7 24. Nd6 h5 25. Qc1 $16 hxg4 $140 $2 26. Rxb6 $1 axb6 27. Rc7 $18)
20. Bxe4 dxe4 21. Nd6 Bb6 22. Rxb6 $1 axb6 23. Ncxe4 {with great compensation
for the exchange, but the position is still playable for Black,}) (17... Bb6 $2
{loses to} 18. Na4 Bxf2+ 19. Kxf2 Qxa2 20. Qb4 $18) 18. Bd3 Qb4 ({Black
doesn't get sufficient play for the queen after} 18... Qxf2+ 19. Kxf2 Bxd3 20.
Nd6+ Kf8 21. Qd1) 19. Rb1 {Black loses material by force.} Qc5 (19... Qe7 20.
Nd6+ Kf8 21. Bxe4 dxe4 22. g5 Bb6 (22... Nf5 23. Rxb7 $18) 23. gxh6 $18) 20.
Nxe4 dxe4 (20... Bxe1 21. Nxc5 Bxf2+ 22. Kxf2 O-O 23. g5 {is also lost for
Black. White's pieces dominate the board.}) 21. Qxa5 O-O 22. Be2 $18 e3 23.
Rff1 {Black has only two pawns for a piece. On top of that the knight on h6 is
out of play. No chance.} Rfc8 24. Qe1 $1 {The most accurate.} Qd5 25. Rb2 f6
26. Qg3 fxe5 27. fxe5 Rf8 28. Rxf8+ Rxf8 29. Qxe3 Nf7 30. Nc3 {[%mdl 4]} 1-0

[Event "Corus"]
[Site "Wijk aan Zee"]
[Date "2002.01.20"]
[Round "7"]
[White "Grischuk, Alexander"]
[Black "Timman, Jan H"]
[Result "1-0"]
[WhiteElo "2671"]
[BlackElo "2605"]
[Annotator "Lukacs,P"]
[PlyCount "71"]
[EventDate "2002.01.12"]
[EventType "tourn"]
[EventRounds "13"]
[EventCountry "NED"]
[EventCategory "18"]
[SourceTitle "CBM 087"]
[Source "ChessBase"]
[SourceDate "2002.03.21"]
[SourceVersion "1"]
[SourceVersionDate "2002.03.21"]
[SourceQuality "1"]

1. e4 {[%mdl 4]} c6 2. d4 d5 3. e5 Bf5 4. Nc3 e6 5. g4 Bg6 6. Nge2 f6 {This is
another extra-sharp line with unclear consequences.} 7. Nf4 fxe5 (7... Bf7 {
- E.Berg-Akesson, SWE-ch Linkoping 2001 CBM 85}) 8. Nxe6 (8. Nxg6 {-
Zezulkin-Murdzia, Swidnica 1999 CBM 71}) 8... Qe7 9. Nxf8 exd4+ {This
intermediate check looks logical.} (9... Kxf8 10. dxe5 Nd7 11. Bg2 Qxe5+ (11...
Nxe5 12. O-O Qh4 13. h3 h5 {Black's -> against the white K is not well-founded
because of his lack of development.} 14. f4 Nxg4 15. f5 {White's counterattack
seems to be more real.} Bf7 16. Qd4 Ne7 {(Fleck-Muse, GER-chT Germany 1985} 17.
Qf4 $1 (17. hxg4 hxg4 18. Bf4 $14) 17... Re8 18. Be3 $16 {and Black's pieces
are completely disorganized.}) 12. Be3 h5 13. g5 Ne7 14. Qd2 {/\ 0-0-0} Nb6 {
/\ Nc4} 15. O-O-O Nc4 16. Qd4 Qxd4 17. Bxd4 {^^} b6 18. Rhe1 Nf5 19. Re6 $1
Nxd4 20. Rxd4 Be8 21. Nxd5 $1 cxd5 22. Bxd5 $16 {Vlassov-Shovunov, Russian
Club Cup 1998}) 10. Be2 $1 Kxf8 (10... dxc3 $142 $5 {is the critical move here.
} 11. Nxg6 hxg6 12. Qd3 Nf6 {Now White has to decide which P to take.} (12...
Qf6 13. bxc3 Nd7 14. Rb1 Ne7 15. c4 $5 $14 {opening up the diagonals for the
^^.} (15. Rxb7 {is not so clear after} Nc5 16. Rxe7+ Qxe7 17. Qxg6+ Kd7 18. Bg5
Qf8 19. Be3 Ne6 $13 {Tischbierek-Boehm, GER CupT 1991})) (12... cxb2 $5 {
takes the P, but White can open up the position for his active ^^.} 13. Bxb2
Qf7 14. c4 Ne7 15. Rb1 $44) 13. Qxc3 {looks safer anyway.} (13. Qxg6+ Kd8 14.
bxc3 Nbd7 {Now suddenly White is a P up, but has problems with his development!
} 15. Qg5 (15. Be3 Ne4 16. Bd4 c5 $1 $13) (15. Bg5 Re8 16. Qd3 Ne5 $13) 15...
Qe4 $1 (15... Nc5 16. Qe3 Nce4 17. g5 Nd7 18. Bb2 Nxg5 {Black gets back the
sacrificed P, but after} 19. Qxe7+ Kxe7 20. c4 {the active ^^ works well again.
} Nf6 21. cxd5 cxd5 22. O-O-O Rad8 23. Rhg1 $16 {Kobalija-Yevseev, Chigorin
mem op 2001}) 16. f3 Qxc2 17. Qd2 Qh7 $13 {avoiding the exchange of queens,
since the white K looks more vulnerable this time.}) 13... Nbd7 (13... Nxg4 14.
Qg3 Ne5 15. f4 Nf7 16. Qxg6 $14) 14. Be3 (14. Qe3 {is rather ugly hindering
his own development.} Ne4 15. Bd2 Nxd2 {and the ^^ has gone.} 16. Kxd2 Qxe3+
17. fxe3 Rh4 $15 {Minasian-Karpman, Minsk 1990}) 14... Ne4 15. Qb3 $5 (15. Qd4
O-O 16. O-O (16. h4 Rae8 $1 {/\ Nf2}) 16... Qh4 17. f3 (17. Rfe1 Rae8 18. f3
Ng3) 17... Ng3 $1 $11 {Nunn-Andersson, London 1992}) 15... O-O-O (15... Ndc5
16. Qa3 $14) 16. O-O-O $14 {with somewhat better chances due to the ^^.}) (
10... Qxf8 $5 {looks less impressive.} 11. Qxd4 Qf6 12. Be3 (12. Qb4 $5 Qe7)
12... Bxc2 {Is this c P so necessary?!} 13. Rc1 Bg6 14. Nxd5 $3 cxd5 15. Rc8+
Kd7 16. Qc5 {It is hard to believe that Black save his skin here.} Na6 (16...
Ke6 17. g5 $1 Qf5 18. Qb4 $1 Qb1+ 19. Kd2 Qxh1 20. Bg4+ Bf5 21. Re8+ Kd7 22.
Qf8 $18) 17. Bb5+ Ke6 18. Bxa6 Ne7 $1 19. Rc7 (19. Rxa8 Rxa8 20. Bxb7 Rb8)
19... bxa6 20. Bd4 Qh4 21. Kd2 Be4 $1 (21... Rac8 $2 {was losing outright after
} 22. Re1+ Be4 23. Rxe4+ $1 $18 {De Vreugt-De Saegher, Haarlem AKN op 2001}) (
21... Qg5+ 22. Kc3 Rac8 23. Re1+ Be4 24. Rxe4+ dxe4 25. Qxg5 $14) 22. f3 Qg5+
23. Be3 (23. Kc3 Rhc8 $1) 23... Qf6 24. Bd4 Qf4+ 25. Be3 Qf6 $11 {with
repetition of moves!}) 11. Qxd4 Na6 (11... Bxc2 {is again a loss of a tempo.}
12. Be3 Nd7 13. Rc1 Bg6 14. h4 $44) 12. Be3 Nb4 (12... Bxc2 {is now met by} 13.
Bxa6 bxa6 14. Rc1 Bg6 15. g5 $44) 13. O-O-O {White is not afraid of losing ><
c2 in this line.} Nf6 ({There is no time for} 13... Nxc2 {either:} 14. Qf4+ Qf6
15. Bc5+ Ke8 16. Qc7 $16) 14. Rd2 a5 15. a3 Kf7 (15... Nxc2 $6 {is useless
again:} 16. Rxc2 Bxc2 17. Kxc2 $16) (15... Na6 {was more persistant, although
after} 16. Qb6 $14 {White's ^^ and his better development secure the edge.})
16. Qf4 $1 $16 (16. axb4 axb4 17. Nb1 b3 $44) 16... Kg8 17. Bd4 {and finally
the N has to retreat.} Na6 18. Bxa6 bxa6 (18... Rxa6 $2 19. Qb8+ $18) 19. Re2
Qf7 20. f3 {Black's P structure is pathetic, and his h8 R is still entombbed.}
Re8 21. Rhe1 h5 22. g5 Rxe2 23. Nxe2 Nd7 24. Qxf7+ Kxf7 (24... Bxf7 25. Nf4 $18
) 25. Nf4 Bf5 {[#]} 26. g6+ $1 {liquidating for a winning _|_.} Bxg6 27. Re7+
$1 $18 {This is pretty, but typical.} Kxe7 28. Nxg6+ Ke6 29. Nxh8 g5 30. Ng6 c5
31. Bg7 Kf5 32. Ne7+ Ke6 33. Nc6 d4 34. Kd2 a4 35. c3 Kd5 36. Nd8 1-0

[Event "Tilburg"]
[Site "Tilburg"]
[Date "1991.??.??"]
[Round "6"]
[White "Anand, Viswanathan"]
[Black "Karpov, Anatoly"]
[Result "1-0"]
[WhiteElo "2650"]
[BlackElo "2730"]
[Annotator "Anand,V"]
[PlyCount "113"]
[EventDate "1991.10.??"]
[EventType "tourn"]
[EventRounds "14"]
[EventCountry "NED"]
[EventCategory "17"]
[SourceTitle "CBM 026"]
[Source "ChessBase"]
[SourceDate "1992.02.01"]
[SourceVersion "1"]
[SourceVersionDate "1992.02.01"]
[SourceQuality "1"]

1. e4 {Blatny,P} c6 2. d4 d5 3. e5 Bf5 4. Nf3 e6 5. Be2 a6 (5... Nd7 {Blatny,P}
6. O-O Ne7 (6... h6 7. c3 Qc7 8. a4 g5 9. Na3 f6 10. Bd3 Bxd3 11. Qxd3 O-O-O
12. exf6 Ngxf6 13. Re1 Re8 14. c4 Ne4 15. Nd2 Bb4 {Anand-Timman, Paris 1991})
7. c3 (7. Nh4 Bg6 8. Nd2 c5 9. c3 cxd4 10. cxd4 Nf5 11. Nxg6 hxg6 12. Nf3 $14 {
--> Anand-Karpov, Brussel 1991 CBM25}) 7... h6 (7... c5 {--> Benjamin-Seirawan,
USA(ch) 1991}) 8. Na3 a6 {--> Anand-Karpov, Brussel(m-5) 1991 CBM25}) 6. O-O
Nd7 7. Nbd2 (7. c4 dxc4 8. Bxc4 Ne7) 7... Bg6 $1 8. a3 Nh6 $1 (8... Ne7 9. Nh4)
9. c4 Be7 10. Nb3 O-O (10... Nf5 11. Bd2 a5 12. cxd5 cxd5 (12... exd5 $5) 13.
Bb5 b6 14. Bc3 $14) 11. Bxh6 gxh6 12. Qd2 Kg7 13. Na5 Qc7 14. cxd5 (14. b4 b6
15. Nb3 dxc4 16. Bxc4 a5 $132 {Karpov}) 14... exd5 $1 15. b4 f6 16. Rae1 Rae8
17. Qc3 Bd8 18. Bd3 fxe5 19. Bxg6 hxg6 20. dxe5 c5 $1 $15 21. e6+ Nf6 22. Nb3
cxb4 23. Qxb4 (23. Qxc7+ $15) 23... Be7 24. Qd2 Bxa3 $17 25. Qd3 (25. Nbd4 Re7
26. Qd3 Bc5 $17) 25... Bd6 26. Nbd4 Qc4 (26... Re7 $17) (26... Ne4 $5 {Blatny,P
}) 27. Qb1 Qb4 (27... Re7 $142 {Blatny,P}) 28. e7 Rf7 (28... Rg8 $2 29. Ne6+
Kh8 30. Qa1 Bxe7 31. Nc7 Rd8 32. Re6 Rgf8 33. Ne5 $16) 29. Ne6+ Kh7 30. Nf8+
Rexf8 31. exf8=N+ Bxf8 32. Qd3 Qc4 33. Qe3 Qe4 34. Ne5 Rg7 (34... Re7 35. Qc5
Qf5 36. Nxg6 $16) 35. Qb6 Qf5 36. Nf3 Rf7 37. Re5 Qf4 38. Re6 Nd7 39. Qb1 Qg4
40. Re3 (40. Rfe1 $5 Rxf3 $2 41. h3 Qg5 42. h4 Qg4 43. h5 $1 $40) 40... Bc5 41.
Rd3 Qf5 (41... Qe4 42. Re1 Qf5 $13) 42. Nd4 Qh5 $2 (42... Qe4 43. Re1 Qh4 44.
g3 (44. Rg3 Nf8 45. Nf3 Qf6) 44... Qh5 $13) 43. Rh3 Qg4 44. Nf3 $14 Re7 45.
Qxb7 Qc4 (45... Nf6 $1 46. Qxa6 (46. Qc6 Ne4 47. Qxd5 Qf5 $1 48. Qxf5 $140 gxf5
{>< Rh3,Pf2}) 46... Ne4 $44) 46. Qb2 $1 $16 h5 47. Rg3 Re2 48. Qa1 $16 a5 $2 (
48... d4 $142 {Blatny,P}) 49. Ng5+ Kg8 50. Nh3 Ne5 51. Qxa5 $1 $18 Be7 52. Qa7
Ng4 53. Rf3 $1 Ne5 54. Re3 Kf7 55. Qb7 $1 {The best move putting black almost
in zugzwang} Kf6 56. Rxe2 Qxe2 57. Nf4 1-0